000 01060nam a22002417a 4500
005 20240305165400.0
007 cr|||| ||||
008 120928c20109999ag |||||s|||| 00||0 spa d
035 _a6721
040 _avLex
090 _c3489
_d3489
245 0 0 _aFacultad de Derecho de la Universidad Nacional de Córdoba
_h[Recurso electrónico]
256 _aServicio en línea
260 _aCórdoba :
_bFacultad de Derecho de la Universidad Nacional de Córdoba,
_c2010 -
300 _a1 recurso electrónico
310 _aAnual
362 _aNúm. 1 (2010) -
506 1 _aContenido solo disponible en los productos indicados
_dvLex Global
_dvLex Global (Academic Edition, excluding Law Schools)
_dvLex Global (U.S. Academic Edition, Law Schools)
_dvLex Global (U.S. Academic Edition, excluding Law Schools)
_dvLex Global (Academic Edition, Law Schools)
650 0 4 _aDerecho
_zArgentina
740 0 _avLex Revistas (Servicio en línea)
856 4 0 _uhttps://app.vlex.com/#/sources/facultad-derecho-universidad-nacional-cordoba-6721
942 _cRAA
999 _c161879
_d161879